Introducción a la metalurgia física
I tiakina i:
| Kaituhi matua: | |
|---|---|
| Hōputu: | Pukapuka |
| Reo: | Pāniora |
| I whakaputaina: |
Ciudad de México
McGraw-Hill Interamericana
1988
|
| Putanga: | 2a. ed |
| Ngā marau: | |
| Ngā Tūtohu: |
Tāpirihia he Tūtohu
Kāore He Tūtohu, Me noho koe te mea tuatahi ki te tūtohu i tēnei pūkete!
|
MARC
| LEADER | 00000nam a2200000 a 4500 | ||
|---|---|---|---|
| 001 | UCY7567 | ||
| 003 | CL-VaPUC | ||
| 008 | 950614e19880000MX |||||||||||||||||spa|d | ||
| 082 | 0 | 4 | |a 669.94 |b AVN |2 21 |
| 100 | 0 | |a Avner, Sydney H |e author |9 338130 | |
| 245 | 1 | 0 | |a Introducción a la metalurgia física |
| 250 | |a 2a. ed | ||
| 300 | |a 695 p | ||
| 942 | |c BK | ||
| 945 | |d 19950614 00:00:00 |a awong | ||
| 260 | |a Ciudad de México |b McGraw-Hill Interamericana |c 1988 | ||
| 650 | 7 | |a METALURGIA FISICA |2 CL-VaPUC |9 271683 | |
| 650 | 0 | |a Metalurgia |9 263720 | |
| 583 | |a last modification |c 19950614 00:00:00 |k Rodrigo Vera | ||
| 999 | |c 234909 |d 234907 | ||
| 952 | |0 0 |1 0 |2 ddc |4 0 |6 669_940000000000000_AVN_1988 |7 0 |8 R |9 241874 |a BIBMEC |b BIBMEC |d 2019-11-18 |i 2700190 |o 669.94 AVN 1988 |p 2700190 |r 2024-01-19 |w 2019-11-18 |y BK_P |k MEC | ||
| 952 | |0 0 |1 0 |2 ddc |4 0 |6 669_940000000000000_AVN_1988 |7 0 |8 R |9 241875 |a BIBMEC |b BIBMEC |d 2019-11-18 |i 2700204 |o 669.94 AVN 1988 |p 2700204 |r 2024-01-19 |w 2019-11-18 |y BK_P |k MEC | ||
| 952 | |0 0 |1 0 |2 ddc |4 0 |6 669_940000000000000_AVN_1988 |7 0 |8 A |9 241877 |a BIBMEC |b BIBMEC |d 2019-11-18 |i 2700220 |l 2 |o 669.94 AVN 1988 |p 2700220 |r 2024-01-19 |s 2023-06-27 |w 2019-11-18 |y BK_P |k MEC | ||
| 952 | |0 0 |1 0 |2 ddc |4 0 |6 669_940000000000000_AVN_1988 |7 0 |8 R |9 241878 |a BIBMEC |b BIBMEC |d 2019-11-18 |i 2700239 |o 669.94 AVN 1988 |p 2700239 |r 2024-01-19 |w 2019-11-18 |y BK_P |k MEC | ||
| 952 | |0 0 |1 0 |4 0 |6 669_940000000000000_AVN_1988 |7 0 |8 A |9 241879 |a BIBCUR |b BIBCUR |d 2019-11-18 |i 3090035 |o 669.94 AVN 1988 |p 3090035 |r 2025-04-22 |w 2019-11-18 |y BK |k FIS | ||
| 952 | |0 0 |1 0 |2 ddc |4 0 |6 669_940000000000000_AVN_1988 |7 0 |8 R |9 241880 |a BIBMEC |b BIBMEC |d 2019-11-18 |i 1326848 |o 669.94 AVN 1988 |p 1326848 |r 2024-01-19 |w 2019-11-18 |y BK_P |k MEC | ||